A P-Finite element method of a three dimensional non-uniform asymmetric beam structure of arbitrary polynomial functions /
Saved in:
| Main Author: | |
|---|---|
| Format: | Thesis |
| Language: | English |
| Published: |
Kuala Lumpur :
Kulliyyah of Engineering, International Islamic University Malaysia,
2020
|
| Tags: |
Add Tag
No Tags, Be the first to tag this record!
|
| LEADER | 013820000a22002890004500 | ||
|---|---|---|---|
| 008 | 201009s2020 my a f m 000 0 eng d | ||
| 040 | |a Theses, IIUM local | ||
| 041 | |a eng | ||
| 043 | |a a-my--- | ||
| 100 | 1 | |a Hoq, S.M. Afzal, |e author | |
| 245 | 1 | 2 | |a A P-Finite element method of a three dimensional non-uniform asymmetric beam structure of arbitrary polynomial functions / |c by S.M. Afzal Hoq |
| 264 | 1 | |a Kuala Lumpur : |b Kulliyyah of Engineering, International Islamic University Malaysia, |c 2020 | |
| 300 | |a xix, 178 leaves : |b colour illustrations ; |c 30cm. | ||
| 336 | |2 rdacontent |a text | ||
| 337 | |2 rdamedia |a unmediated | ||
| 338 | |2 rdacarrier |a volume | ||
| 338 | |2 rdacarrier |a online resource | ||
| 347 | |2 rdaft |a text file |b PDF | ||
| 500 | |a Abstracts in English and Arabic. | ||
| 500 | |a "A thesis submitted in fulfilment of the requirement for the degree of Doctor of Philosophy (Engineering)." --On title page. | ||
| 502 | |a Thesis (Ph.D)--International Islamic University Malaysia, 2020. | ||
| 504 | |a Includes bibliographical references (leaves 141-150). | ||
| 700 | 1 | |a Erwin Sulaeman, |e degree supervisor | |
| 700 | 1 | |a Abdurahim Okhunov, |e degree supervisor | |
| 700 | 1 | |a Meftah Hrairi, |e degree supervisor | |
| 999 | |c 439221 |d 472771 | ||
| 952 | |0 0 |6 XX(564119.1) |7 0 |8 THESES |9 762287 |a IIUM |b IIUM |c MULTIMEDIA |g 0.00 |o XX(564119.1) |p 11100424721 |r 1900-01-02 |t 1 |v 0.00 |y THESIS | ||
